000 00431nam a2200181Ia 4500
001 18304
005 20260306171620.0
008 260306s9999||||xx |||||||||||||| ||und||
041 _aESP
082 _a658.402
_bS28
100 _aScannell, Mary
_eAUT
245 4 _aThe big book of team motivating games
260 _c2010
300 _a215 páginas :
_c23 cm.
650 _aGEN
654 _aCAN
942 _cLIB
_dJUS
_fJUS
_2ddc
_n
999 _c18304
_d18304